000
00340nam a2200145Ia 4500
999
_c
10559
_d
10559
003
OSt
005
20220404132221.0
008
220318s9999 xx 000 0 und d
020
_a
9787562341871
082
_a
728.37
100
_a
Shen Zhen
245
0
_a
Materials residential buildings
260
_b
South China University
942
_2
ddc